| 000 | 00632nam a2200217Ia 4500 | ||
|---|---|---|---|
| 003 | OSt | ||
| 005 | 20240423164355.0 | ||
| 008 | 210210b2008 xxu||||| |||| 00| 0 eng d | ||
| 040 | _cAL | ||
| 041 | _aKannada | ||
| 082 | _a658K PARV | ||
| 100 |
_aPARSVANATHA AJRI _dಪಾರ್ಶ್ವನಾಥ ಅಜ್ರಿ _9162187 |
||
| 245 |
_aVyavasthapana tatvagalu _bವ್ಯವಸ್ಥಾಪನಾ ತತ್ವಗಳು |
||
| 260 |
_aMudabidre _bNot Mentioned _c2008 |
||
| 300 | _a184 | ||
| 650 |
_aVyavasthapana _9162188 |
||
| 650 |
_atatvagalu _9162189 |
||
| 690 |
_aManagement _9162190 |
||
| 906 | _a062938 | ||
| 942 |
_2ddc _cBK |
||
| 999 |
_c130689 _d130689 |
||